000
00269 a2200145 4500
001
162413
020
_a
040
_c
Magnum
100
_a
Orthof, Sylvia
240
1
0
_a
Malaquias
_l
por
245
1
0
_a
Malaquias
362
0
_a
1899
697
_a
I/GERAL
942
_c
BK
999
_c
162413
_d
162413